书目信息 |
| 题名: |
发明改变生活
|
|
| 作者: | 《指尖上的探索》编委会组织编写 | |
| 分册: | ||
| 出版信息: | 北京 化学工业出版社 2015 |
|
| 页数: | 111页 | |
| 开本: | 19cm | |
| 丛书名: | ||
| 单 册: | ||
| 中图分类: | N19-49 | |
| 科图分类: | ||
| 主题词: | 创造发明--少年读物 | |
| 电子资源: | ||
| ISBN: | 978-7-122-22289-3 | |
| 000 | 00699nam0 2200229 450 | |
| 001 | 930 | |
| 005 | 20161114090944.87 | |
| 010 | @a978-7-122-22289-3@dCNY28.00 | |
| 100 | @a20151224d2015 cemy0chiy50 ea | |
| 101 | 0 | @achi |
| 102 | @aCN@b110000 | |
| 105 | @aa z 000yy | |
| 200 | 1 | @a发明改变生活@9fa ming gai bian sheng huo@f《指尖上的探索》编委会组织编写 |
| 210 | @a北京@c化学工业出版社@d2015 | |
| 215 | @a111页@c彩图@d19cm@e2卡片书(7×19cm) | |
| 300 | @a指尖上的探索 第六辑 科学读本 | |
| 300 | @a国家出版基金项目 | |
| 330 | @a创造发明·少年读物 | |
| 606 | 0 | @a创造发明@x少年读物 |
| 690 | @aN19-49@v5 | |
| 801 | 0 | @aCN@b大连网信软件有限公司图书馆·11@c20161114 |
| 905 | @aZUCC@dN19-49@e102 | |
| 发明改变生活/《指尖上的探索》编委会组织编写.-北京:化学工业出版社,2015 |
| 111页:彩图;19cm+2卡片书(7×19cm) |
| 指尖上的探索 第六辑 科学读本.-国家出版基金项目 |
| ISBN 978-7-122-22289-3:CNY28.00 |
| 创造发明·少年读物 |
| ● |
| 相关链接 |
|
|
|
|
正题名:发明改变生活
索取号:N19-49/102
 
预约/预借
| 序号 | 登录号 | 条形码 | 馆藏地/架位号 | 状态 | 备注 |
| 1 | 907947 | 209079478 | 第二样本阅览室/ [索取号:N19-49/102] | 在馆 | |
| 2 | 907948 | 209079487 | 第三借阅区/ [索取号:N19-49/102] | 在馆 | |
| 3 | 907949 | 209079496 | 第三借阅区/ [索取号:N19-49/102] | 在馆 | |
| 4 | 907950 | 209079502 | 第三借阅区/ [索取号:N19-49/102] | 在馆 | |
| 5 | 907951 | 209079511 | 第三借阅区/ [索取号:N19-49/102] | 在馆 |